000 00614nam a2200193Ia 4500
005 20250507130250.0
008 008 250505s9999 xx 000 0 eng d
037 _aSeries Article
040 _aEASL
_beng
_cEASL
041 _aeng
_2eng
084 _qEASL
100 _aRemick Elizabeth J
_9670164
245 0 _aIntroduction to the JAS at AAS roundtable on "Sexuality and the state in Asia"
260 _aUK
_bCambridge Association of Asian Studies (Cambridge University Press)
_c2012
300 _a919-927
650 _aAsian Studies; Economics
942 _cSRA
999 _c1318653
_d1318653